| 000 | 01107nam a2200385 a 4500 | ||
|---|---|---|---|
| 003 | AR-BaBNM | ||
| 005 | 20251128203552.0 | ||
| 008 | 082120s2002 ||||||||||||||000 | spa|| | ||
| 040 | _cAR-BaBNM | ||
| 100 | 1 | _aWeber, Adolfo | |
| 245 | 0 | 0 |
_aPolítica económica _bpolítica comercial y de los transportes [comercio interior - Transportes - Comercio Exterior]. 2 |
| 260 |
_aBarcelona _bBosch _c1941 |
||
| 300 |
_a743 p. _btablas |
||
| 650 | 4 | _aTEORIA ECONOMICA | |
| 650 | 4 | _aPOLITICA ECONOMICA | |
| 650 | 4 | _aPRECIOS | |
| 650 | 4 | _aPRODUCCION | |
| 650 | 4 | _aFLUCTUACIONES ECONOMICAS | |
| 650 | 4 | _aHISTORIA SOCIAL | |
| 650 | 4 | _aSOCIOLOGIA POLITICA | |
| 650 | 4 | _aHISTORIA DEL TRABAJO | |
| 650 | 4 | _aTRABAJO | |
| 650 | 4 | _aTRABAJADORES | |
| 650 | 4 | _aSALARIOS | |
| 650 | 4 | _aMONEDA | |
| 650 | 4 | _aFERROCARRILES | |
| 650 | 4 | _aINFRAESTRUCTURA DEL TRANSPORTE | |
| 650 | 4 | _aREDES FERROVIARIAS | |
| 650 | 4 | _aLEGISLACION | |
| 650 | 4 | _aHISTORIA FERROVIARIA | |
| 650 | 4 | _aHISTORIA DEL TRANSPORTE | |
| 700 | 1 |
_aAlvarez de Cienfuegos y Cobos, José _etraductor |
|
| 942 | _cBK | ||
| 998 | _cmariana | ||
| 999 |
_c3967 _d3967 |
||